Zahraničný obchod Japonska bakalárska práca

Guardado en:
Detalles Bibliográficos
Autor principal: Köszeghyová, Kristína
Autor Corporativo: Fakulta medzinárodných vzťahov EU. Katedra medzinárodných ekonomických vzťahov a hospodárskej diplomacie
Otros Autores: Čas, Marcel
Formato: Libro
Lenguaje:eslovaco
Publicado: Bratislava 2015
Etiquetas: Agregar Etiqueta
Sin Etiquetas, Sea el primero en etiquetar este registro!

MARC

LEADER 00000nbm a2200000 4500
001 0202667
005 20161212100311.7
041 0 |a slo 
044 |a SK 
245 1 0 |a Zahraničný obchod Japonska  |b bakalárska práca  |c Kristína Köszeghyová ; školiteľ: Marcel Čas 
264 1 |a Bratislava  |c 2015 
300 |a 51 s. 
100 1 |a Köszeghyová, Kristína 
700 1 |a Čas, Marcel 
710 2 |a Fakulta medzinárodných vzťahov EU. Katedra medzinárodných ekonomických vzťahov a hospodárskej diplomacie